• 首页
  • 本馆介绍
  • 公告通知
  • 最新文献
  • 馆藏检索
  • 电子资源
  • 读者导购
  • 参考咨询
  • 我的图书馆
  • 登录
  • 详细信息显示
  • 放入我的书架
  • 预约/预借图书
  • 作者相关作品
  • 分类相关作品
  • 丛书相关作品
  • 出版社相关作品

书目信息

  • 表格格式
  • 工作单格式
  • 卡片格式
题名:
新水源
    
 
作者: 施瓦茨 著 ;汤秋鸿 译
分册:  
出版信息: 上海   上海科学技术出版社  2017.08
页数: 205页
开本: 24cm
丛书名:
单 册:
中图分类: P339-49
科图分类:
主题词: 水循环--普及读物
电子资源:
ISBN: 978-7-5478-3651-4
000 01444nam0 2200265 450
001 4588
005 20181012134533.53
010    @a978-7-5478-3651-4@dCNY38.00
100    @a20171116d2017 em y0chiy50 ea
101 1  @achi@ceng
102    @aCN@b310000
105    @ay z 000yy
200 1  @a新水源@9xin shui yuan@e干涸世界的希望@f(美)朱迪思·D·施瓦茨(Judith D. Schwartz)著@g汤秋鸿译
210    @a上海@c上海科学技术出版社@d2017.08
215    @a205页@d24cm
312    @a版权页英文题名:Water in plain sight: hope for a thirsty world
330    @a这本书带领我们跨越几大洲,从非洲荒野到美国西部繁华都市,从墨西哥沙漠到亚马逊丛林,从美国中东部农场到澳大利亚山区,那里生活着拄着手杖的非洲牧民、戴着草帽的西部牛仔、坚持传统的阿米什农民等形形色色的具有“自然智慧”的人们。他们利用狂野非洲的大象群、奶牛、勤劳的河狸、屎壳郎、毛茸茸的草原犬鼠,在环境脆弱地区创造了一个又一个的用水奇迹。不同于向大自然不断索取的环境机会主义者,他们是坚定的环境保护主义者,跳出大坝、水库、管道、水泵的传统思维,让自然水循环发挥其天然自带的生态功能,由此发现自然环境中“新水源”,用自然的力量为自己获取生命之水。
510 1  @aWater in plain sight@ehope for a thirsty world@zeng
517 1  @a干涸世界的希望@9gan he shi jie de xi wang
606 0  @a水循环@j普及读物
690    @aP339-49@v5
701  0 @c(美)@a施瓦茨@9shi wa ci@c(Schwartz, Judith D. )@4著
702  0 @a汤秋鸿@9tang qiu hong@4译
801  0 @aCN@b91MARC@c20171116
905    @aMuseLib@dP339-49@e140
    
    新水源:干涸世界的希望/(美)朱迪思·D·施瓦茨(Judith D. Schwartz)著/汤秋鸿译.-上海:上海科学技术出版社,2017.08
    205页;24cm
    
    
    ISBN 978-7-5478-3651-4:CNY38.00
    这本书带领我们跨越几大洲,从非洲荒野到美国西部繁华都市,从墨西哥沙漠到亚马逊丛林,从美国中东部农场到澳大利亚山区,那里生活着拄着手杖的非洲牧民、戴着草帽的西部牛仔、坚持传统的阿米什农民等形形色色的具有“自然智慧”的人们。他们利用狂野非洲的大象群、奶牛、勤劳的河狸、屎壳郎、毛茸茸的草原犬鼠,在环境脆弱地区创造了一个又一个的用水奇迹。不同于向大自然不断索取的环境机会主义者,他们是坚定的环境保护主义者,跳出大坝、水库、管道、水泵的传统思维,让自然水循环发挥其天然自带的生态功能,由此发现自然环境中“新水源”,用自然的力量为自己获取生命之水。
●
相关链接 在E读中查询图书 在五车中查询图书 在当当中查询图书 在豆瓣中查询图书


正题名:新水源     索取号:P339-49/140         预约/预借

序号 登录号 条形码 馆藏地/架位号 状态 备注
1 1125851   211258510   第二样本阅览室/ [索取号:P339-49/140] 在馆    
2 1125852   211258529   密集书库-资源管理系/ [索取号:P339-49/140] 在馆    
3 1125853   211258538   第三借阅区/ [索取号:P339-49/140] 在馆    
4 1125854   211258547   第三借阅区/ [索取号:P339-49/140] 在馆    
5 1125855   211258556   第三借阅区/ [索取号:P339-49/140] 在馆    
唐山师范学院图书馆 欢迎您!
大连网信软件有限公司© 版权所有